La Dissertation Littéraire Générale: Les grands genres littéraires. Tomo 3

Guardado en:
Bibliografiske detaljer
Hovedforfatter: Chassang, Arsène y Senninger, Charles
Format: Bog
Sprog:Undetermined
Udgivet: París, Francia Hachette 1992
Fag:
Tags: Tilføj Tag
Ingen Tags, Vær først til at tagge denne postø!

MARC

LEADER 00000nam a2200000Ia 4500
008 170316s9999 xx 000 0 und d
090 |a 801 Ch-2d v.3 
100 |a Chassang, Arsène y Senninger, Charles 
245 |a La Dissertation Littéraire Générale: Les grands genres littéraires. Tomo 3 
260 |a París, Francia 
260 |b Hachette 
260 |c 1992 
300 |a 432 páginas Tomo 3 
650 |a TEORÍA LITERARIA 
650 |a POESÍA 
650 |a TEATRO 
650 |a NOVELA 
650 |a CRÍTICA 
999 |c 20216  |d 20216 
040 |a cru BVZT 
942 |c 15 D  |h 801 Ch-2d v.3  |2 z